书目信息 |
| 题名: |
旅游英语口语
|
|
| 作者: | 里格斯 , 李鹏飞 , 刘馨 著 ;耿小辉 主编 ;昂秀外语教学研究组 主编 | |
| 分册: | ||
| 出版信息: | 北京 中国对外翻译出版有限公司 2014 |
|
| 页数: | 226页 | |
| 开本: | 24cm | |
| 丛书名: | ||
| 单 册: | ||
| 中图分类: | F59 | |
| 科图分类: | ||
| 主题词: | 旅游--Lv You--英语--口语 | |
| 电子资源: | ||
| ISBN: | 978-7-5001-2935-6 | |
| 000 | 01173nam0 22003131 450 | |
| 001 | 0101082407 | |
| 005 | 20161202082805.57 | |
| 010 | @a978-7-5001-2935-6@dCNY38.80 (含光盘) | |
| 100 | @a20150717d2014 em y0chiy50 ea | |
| 101 | 0 | @achi@aeng |
| 102 | @aCN@b110000 | |
| 105 | @aa z 000yy | |
| 106 | @ar | |
| 200 | 1 | @a旅游英语口语@ALv You Ying Yu Kou Yu@e图解一看就会@f耿小辉, 昂秀外语教学研究组主编@g(美) Ben Riggs, 李鹏飞, 刘馨著 |
| 210 | @a北京@c中国对外翻译出版有限公司@d2014 | |
| 215 | @a226页@d24cm@e附光盘1片 | |
| 307 | @a附光盘:ISBN 978-7-88726-347-6 | |
| 314 | @aRiggs规范汉译姓里格斯 | |
| 330 | @a本书涵盖了旅行整个过程中可能发生的英语语言问题及需求,囊括了旅行中的出发、出行、交际、住宿、饮食、购物、游乐、返程等各种场景。 | |
| 517 | 1 | @a图解一看就会@ATu Jie Yi Kan Jiu Hui |
| 606 | 0 | @a旅游@ALv You@x英语@x口语 |
| 690 | @aF59@v5 | |
| 701 | 1 | @a里格斯@ALi Ge Si@g(Riggs, Ben)@4著 |
| 701 | 0 | @a李鹏飞@ALi Peng Fei@4著 |
| 701 | 0 | @a刘馨@ALiu Xin@4著 |
| 702 | 0 | @a耿小辉@AGeng Xiao Hui@4主编 |
| 712 | 02 | @a昂秀外语教学研究组@AAng Xiu Wai Yu Jiao Xue Yan Jiu Zu@4主编 |
| 801 | 0 | @aCN@bTANGWEI@c20161128 |
| 905 | @b0950790-4@dF59@e492@f5 | |
| 旅游英语口语:图解一看就会/耿小辉, 昂秀外语教学研究组主编/(美) Ben Riggs, 李鹏飞, 刘馨著.-北京:中国对外翻译出版有限公司,2014 |
| 226页;24cm+附光盘1片 |
| ISBN 978-7-5001-2935-6:CNY38.80 (含光盘) |
| 本书涵盖了旅行整个过程中可能发生的英语语言问题及需求,囊括了旅行中的出发、出行、交际、住宿、饮食、购物、游乐、返程等各种场景。 |
| ● |
| 相关链接 |
|
|
|
|
正题名:旅游英语口语
索取号:F59/492
 
预约/预借
| 序号 | 登录号 | 条形码 | 馆藏地/架位号 | 状态 | 备注 |
| 1 | 0950790 | 209507906 | 第一样本阅览室/ [索取号:F59/492] | 在馆 | |
| 2 | 0950791 | 209507915 | 密集书库-资源管理系/ [索取号:F59/492] | 在馆 | |
| 3 | 0950792 | 209507924 | 第一借阅区/ [索取号:F59/492] | 在馆 | |
| 4 | 0950793 | 209507933 | 第一借阅区/ [索取号:F59/492] | 在馆 | |
| 5 | 0950794 | 209507942 | 第一借阅区/ [索取号:F59/492] | 在馆 |